[Event "CAN-ch"]
[Site "Winnipeg CAN"]
[Date "1986.07.??"]
[Round "8"]
[White "Nickoloff, Bryon"]
[Black "Pajak, John"]
[Result "1/2-1/2"]
[WhiteElo "2420"]
[BlackElo "2344"]
[PlyCount "179"]
[EventDate "1986.07.12"]
[EventType "tourn"]
[EventRounds "15"]
[EventCountry "CAN"]

1. e4 e5 2. Nf3 Nc6 3. Bb5 a6 4. Ba4 d6 5. O-O Bd7 6. c3 Nge7 7. d4 Ng6 8. Re1
Be7 9. Nbd2 O-O 10. Nf1 b5 11. Bc2 Bg4 12. d5 Na5 13. Ne3 Bd7 14. b4 Nb7 15. a4
Nh4 16. Nd2 Bg5 17. Ndf1 Ng6 18. Bd2 Ne7 19. axb5 axb5 20. Rxa8 Qxa8 21. Qa1
Qxa1 22. Rxa1 Rb8 23. Bd3 Nc8 24. Ra6 Nd8 25. Nc2 Bxd2 26. Nxd2 Kf8 27. Na3 Ke7
28. Nb3 Rb7 29. Ra5 Na7 30. Kf1 g6 31. Ke2 f6 32. Kd2 h5 33. Kc2 c6 34. Kb2 g5
35. Ra6 cxd5 36. Na5 Rc7 37. exd5 f5 38. Rb6 e4 39. Bxb5 Nxb5 40. Nxb5 Bxb5 41.
Rxb5 f4 42. c4 g4 43. Kc3 h4 44. Rb8 Ra7 45. Kd2 Ra6 46. Ke2 Kd7 47. Rb5 Kc8
48. c5 Nf7 49. Kf1 Ne5 50. cxd6 Rxd6 51. Nc4 Nxc4 52. Rc5+ Kd7 53. Rxc4 Rxd5
54. Rxe4 f3 55. gxf3 gxf3 56. Ke1 h3 57. Re3 Rd4 58. Rxf3 Rxb4 59. Rxh3 Ke6 60.
Rf3 Rh4 61. h3 Rh8 62. Kf1 Ke5 63. Kg2 Rg8+ 64. Rg3 Rh8 65. f3 Kf5 66. Rg4 Kf6
67. Kg3 Kf5 68. h4 Kf6 69. f4 Rh7 70. Rg5 Ra7 71. Kg4 Ra1 72. Rf5+ Kg6 73. h5+
Kg7 74. Rg5+ Kf6 75. Rg6+ Kf7 76. Rb6 Kg7 77. Kg5 Rg1+ 78. Kf5 Ra1 79. Re6 Ra5+
80. Re5 Ra1 81. Re7+ Kh6 82. Kf6 Kxh5 83. f5 Ra6+ 84. Re6 Ra5 85. Re1 Ra6+ 86.
Re6 Ra5 87. Rd6 Kg4 88. Rd4+ Kh5 89. Re4 Ra6+ 90. Re6 1/2-1/2

[Event "CAN-ch"]
[Site "Winnipeg CAN"]
[Date "1986.07.??"]
[Round "9"]
[White "Yanofsky, Abe"]
[Black "Nickoloff, Bryon"]
[Result "1/2-1/2"]
[WhiteElo "2390"]
[BlackElo "2420"]
[PlyCount "47"]
[EventDate "1986.07.12"]
[EventType "tourn"]
[EventRounds "15"]
[EventCountry "CAN"]

1. e4 c5 2. Nf3 e6 3. d4 cxd4 4. Nxd4 Nf6 5. Nc3 d6 6. Be2 Be7 7. O-O Nc6 8.
Kh1 O-O 9. Be3 a6 10. a4 Qc7 11. f4 Re8 12. Nb3 b6 13. Qe1 Bb7 14. Qf2 Nd7 15.
Rad1 Nc5 16. Bf3 Rab8 17. Nd4 Nxd4 18. Bxd4 Bc6 19. Qg3 Bf8 20. e5 Rbd8 21.
exd6 Rxd6 22. f5 e5 23. Bxc6 Qxc6 24. Bxe5 1/2-1/2

[Event "CAN-ch"]
[Site "Winnipeg CAN"]
[Date "1986.07.??"]
[Round "10"]
[White "Nickoloff, Bryon"]
[Black "Hartman, Brian"]
[Result "1/2-1/2"]
[WhiteElo "2420"]
[BlackElo "2370"]
[PlyCount "37"]
[EventDate "1986.07.12"]
[EventType "tourn"]
[EventRounds "15"]
[EventCountry "CAN"]

1. c4 c5 2. Nf3 g6 3. d4 Bg7 4. e4 cxd4 5. Nxd4 Nf6 6. Nc3 O-O 7. Be2 d6 8. O-O
Nc6 9. Nc2 Nd7 10. Bd2 a5 11. Qc1 Re8 12. Nb5 Nc5 13. f3 Ne5 14. Bc3 Be6 15.
Nca3 f5 16. exf5 Bxf5 17. Qe3 b6 18. Rad1 Bd7 19. Rfe1 1/2-1/2

[Event "CAN-ch"]
[Site "Winnipeg CAN"]
[Date "1986.07.??"]
[Round "11"]
[White "Spraggett, Kevin"]
[Black "Nickoloff, Bryon"]
[Result "1/2-1/2"]
[WhiteElo "2525"]
[BlackElo "2420"]
[PlyCount "100"]
[EventDate "1986.07.12"]
[EventType "tourn"]
[EventRounds "15"]
[EventCountry "CAN"]

1. e4 e5 2. Nf3 Nc6 3. Bb5 a6 4. Ba4 Nf6 5. O-O Be7 6. Re1 b5 7. Bb3 d6 8. c3
O-O 9. h3 Nd7 10. d4 Bf6 11. a4 Na5 12. Bc2 Bb7 13. Na3 exd4 14. Nxd4 Nc6 15.
axb5 Nxd4 16. cxd4 axb5 17. b4 Re8 18. Rb1 c6 19. Rb3 Nb6 20. Rf3 Bc8 21. Bb2
g6 22. Qc1 Bg5 23. Qb1 d5 24. Bc1 Bh4 25. e5 Be6 26. Qb3 Nc4 27. Bd3 f5 28. Nc2
Rf8 29. Qc3 Rf7 30. Na1 Be7 31. Nc2 Qf8 32. Bd2 f4 33. Bxc4 bxc4 34. Ra1 g5 35.
Rxa8 Qxa8 36. Qb2 Bf8 37. Ra3 Ra7 38. Ra5 Qb8 39. Qa1 Rf7 40. Qa4 Qc8 41. Ra8
Qb7 42. f3 h6 43. Na3 Kg7 44. Bc3 h5 45. Qa5 Be7 46. b5 g4 47. Ra7 Qb8 48. Ra8
Qb7 49. Ra7 Qb8 50. Ra8 Qb7 1/2-1/2

[Event "CAN-ch"]
[Site "Winnipeg CAN"]
[Date "1986.07.??"]
[Round "13"]
[White "Kaptsan, Aron"]
[Black "Nickoloff, Bryon"]
[Result "1-0"]
[WhiteElo "2181"]
[BlackElo "2420"]
[PlyCount "59"]
[EventDate "1986.07.12"]
[EventType "tourn"]
[EventRounds "15"]
[EventCountry "CAN"]

1. d4 Nf6 2. c4 c5 3. d5 b5 4. cxb5 a6 5. bxa6 Bxa6 6. g3 g6 7. b3 Ne4 8. Bb2
Qa5+ 9. Nd2 Bh6 10. Ngf3 O-O 11. Qc2 Nxd2 12. Nxd2 c4 13. Qc3 Qxc3 14. Bxc3 Rc8
15. b4 Bb5 16. Bg2 d6 17. e3 Nd7 18. Nb1 Nb6 19. Kd2 Na4 20. a3 Ra6 21. Rc1
Rca8 22. Bd4 Bg7 23. Bxg7 Kxg7 24. Nc3 Nxc3 25. Rxc3 Ra4 26. Bf1 Rxb4 27. axb4
Rxa1 28. Bxc4 Bxc4 29. Rxc4 Rf1 30. Kc3 1-0

[Event "CAN-ch"]
[Site "Winnipeg CAN"]
[Date "1986.07.??"]
[Round "15"]
[White "Ross, Dave"]
[Black "Nickoloff, Bryon"]
[Result "1/2-1/2"]
[WhiteElo "2255"]
[BlackElo "2420"]
[PlyCount "32"]
[EventDate "1986.07.12"]
[EventType "tourn"]
[EventRounds "15"]
[EventCountry "CAN"]

1. d4 Nf6 2. c4 c5 3. d5 b5 4. cxb5 a6 5. bxa6 g6 6. Nc3 Bxa6 7. e4 Bxf1 8.
Kxf1 d6 9. g3 Bg7 10. Kg2 O-O 11. Nf3 Nbd7 12. Re1 Qb6 13. Re2 Ng4 14. Bf4 Rfb8
15. Rc1 Ra5 16. Rcc2 Qa6 1/2-1/2

[Event "Cambridge int"]
[Site "Cambridge USA"]
[Date "1986.05.??"]
[Round "?"]
[White "Nickoloff, Bryon"]
[Black "Dlaykan, Fernando"]
[Result "1-0"]
[WhiteElo "2415"]
[BlackElo "2200"]
[PlyCount "33"]
[EventDate "1986.05.02"]
[EventType "tourn"]
[EventRounds "10"]
[EventCountry "USA"]

1. d4 Nf6 2. c4 c5 3. d5 e6 4. Nc3 exd5 5. cxd5 d6 6. e4 g6 7. Nf3 Bg7 8. Bg5
h6 9. Bh4 g5 10. Bg3 Nh5 11. Bb5+ Kf8 12. e5 Nxg3 13. fxg3 Bg4 14. O-O Bxe5 15.
Nxe5 Bxd1 16. Nxf7 Qe7 17. Nxh6+ 1-0

[Event "Cambridge int"]
[Site "Cambridge USA"]
[Date "1986.05.??"]
[Round "?"]
[White "Wolff, Patrick"]
[Black "Nickoloff, Bryon"]
[Result "0-1"]
[WhiteElo "2370"]
[BlackElo "2415"]
[PlyCount "45"]
[EventDate "1986.05.02"]
[EventType "tourn"]
[EventRounds "10"]
[EventCountry "USA"]

1. e4 c5 2. Nf3 e6 3. d4 cxd4 4. Nxd4 Nf6 5. Nc3 d6 6. g4 h6 7. Bg2 Nc6 8. h3
Be7 9. Be3 a6 10. Qe2 Bd7 11. f4 Qc7 12. O-O-O Rc8 13. Nb3 b5 14. e5 dxe5 15.
g5 hxg5 16. fxg5 Nh5 17. Qd2 Rb8 18. g6 f5 19. Nc5 Bc8 20. Nd5 exd5 21. Qxd5
Nd8 22. Rhe1 Rb6 23. Nb7 0-1

[Event "Philadelphia op"]
[Site "Philadelphia USA"]
[Date "1986.??.??"]
[Round "?"]
[White "Colias, Billy"]
[Black "Nickoloff, Bryon"]
[Result "1-0"]
[WhiteElo "2225"]
[BlackElo "2415"]
[PlyCount "47"]
[EventDate "1986.??.??"]
[EventType "swiss"]
[EventRounds "9"]
[EventCountry "USA"]
[Source "ChessBase"]
[SourceDate "1997.11.17"]

1. e4 c5 2. Nf3 e6 3. d4 cxd4 4. Nxd4 Nf6 5. Nc3 d6 6. Be2 Be7 7. O-O Nc6 8.
Be3 O-O 9. f4 a6 10. Qe1 Bd7 11. Qg3 b5 12. e5 dxe5 13. fxe5 Nxd4 14. Bxd4 Bc6
15. Rad1 Ne4 16. Qg4 Nxc3 17. bxc3 Qa5 18. Rd3 Qxa2 19. Rh3 Qd5 20. Bd3 g6 21.
Rff3 Kg7 22. Qf4 h5 23. Rxh5 Qxf3 24. Qh6+ 1-0

[Event "Kalev Pugi mem"]
[Site "Toronto CAN"]
[Date "1985.12.??"]
[Round "3"]
[White "Findlay, Ian"]
[Black "Nickoloff, Bryon"]
[Result "0-1"]
[WhiteElo "2350"]
[BlackElo "2405"]
[PlyCount "100"]
[EventDate "1985.12.26"]
[EventType "tourn"]
[EventRounds "11"]
[EventCountry "CAN"]

1. e4 c5 2. Nf3 e6 3. d4 cxd4 4. Nxd4 Nf6 5. Nc3 d6 6. f4 a6 7. Be3 b5 8. Qf3
Bb7 9. Bd3 Nbd7 10. g4 b4 11. Nce2 Nc5 12. Ng3 Nfd7 13. O-O-O Qc7 14. Kb1 g6
15. h4 O-O-O 16. h5 Be7 17. Rh2 g5 18. fxg5 Ne5 19. Qe2 Rhg8 20. Nb3 Bxg5 21.
Nf1 Nxg4 22. Bxg5 Rxg5 23. Rg2 f5 24. Nxc5 dxc5 25. exf5 exf5 26. Bxf5+ Rxf5
27. Rxd8+ Qxd8 28. Qxg4 Qg5 29. Ne3 Bxg2 30. Qxf5+ Qxf5 31. Nxf5 Kd7 32. Ne3
Be4 33. Kc1 Ke6 34. Kd2 Kf6 35. c3 Kg5 36. cxb4 cxb4 37. a3 bxa3 38. bxa3 Kxh5
39. Nc4 Kg4 40. Ke3 Ba8 41. a4 Kf5 42. a5 Bd5 43. Nb2 Ke5 44. Nd3+ Kd6 45. Kd4
Bg2 46. Nc5 Bf1 47. Ne4+ Kc6 48. Nf6 h6 49. Ke4 Kb5 50. Kf5 Bd3+ 0-1

[Event "Kalev Pugi mem"]
[Site "Toronto CAN"]
[Date "1985.12.??"]
[Round "4"]
[White "Stone, Raymond"]
[Black "Nickoloff, Bryon"]
[Result "1-0"]
[WhiteElo "2363"]
[BlackElo "2405"]
[PlyCount "59"]
[EventDate "1985.12.26"]
[EventType "tourn"]
[EventRounds "11"]
[EventCountry "CAN"]

1. c4 e6 2. Nc3 b6 3. d4 Bb7 4. e4 Bb4 5. f3 f5 6. exf5 exf5 7. Qe2+ Ne7 8. Bg5
h6 9. Bh4 O-O 10. O-O-O g5 11. Bf2 Bxc3 12. bxc3 Ng6 13. h4 Qf6 14. hxg5 hxg5
15. Qc2 Nc6 16. Ne2 Rf7 17. Ng3 Nh4 18. Bd3 Ne7 19. d5 c5 20. f4 Rh7 21. Be3
gxf4 22. Bxf4 Neg6 23. Bd2 Rf8 24. Rdf1 Ne7 25. Nxf5 Nexf5 26. g4 Rg7 27. Bxf5
Nxf5 28. Rxf5 Qg6 29. Rxf8+ Kxf8 30. Bh6 1-0

[Event "Kalev Pugi mem"]
[Site "Toronto CAN"]
[Date "1985.12.??"]
[Round "5"]
[White "Nickoloff, Bryon"]
[Black "Morrison, Robert"]
[Result "1/2-1/2"]
[WhiteElo "2405"]
[BlackElo "2358"]
[PlyCount "62"]
[EventDate "1985.12.26"]
[EventType "tourn"]
[EventRounds "11"]
[EventCountry "CAN"]

1. d4 d5 2. c4 e6 3. Nf3 c6 4. Nbd2 Nf6 5. g3 Be7 6. Bg2 O-O 7. O-O b6 8. b3
Bb7 9. Bb2 c5 10. dxc5 bxc5 11. cxd5 exd5 12. Ne5 Qb6 13. Qc2 Na6 14. Rac1 Nb4
15. Qb1 a5 16. a3 Nc6 17. Nxc6 Bxc6 18. Qc2 Bb7 19. Bxf6 Qxf6 20. e4 Rad8 21.
exd5 Bxd5 22. Bxd5 Rxd5 23. Nc4 Qf3 24. Qc3 Rd3 25. Qxa5 Rxb3 26. Qc7 Bg5 27.
Ne5 Qa8 28. Rxc5 Rxa3 29. Qc6 Be7 30. Qxa8 Rfxa8 31. Rc2 f6 1/2-1/2

[Event "Kalev Pugi mem"]
[Site "Toronto CAN"]
[Date "1985.12.??"]
[Round "6"]
[White "Simon, Paul"]
[Black "Nickoloff, Bryon"]
[Result "0-1"]
[WhiteElo "2222"]
[BlackElo "2405"]
[PlyCount "133"]
[EventDate "1985.12.26"]
[EventType "tourn"]
[EventRounds "11"]
[EventCountry "CAN"]

1. e4 c5 2. Nf3 e6 3. d4 cxd4 4. Nxd4 Nf6 5. Nc3 d6 6. g4 h6 7. g5 hxg5 8. Bxg5
Nc6 9. Qd2 Qb6 10. Nb3 a6 11. O-O-O Bd7 12. Be3 Qc7 13. f4 b5 14. Bg2 Rc8 15.
Kb1 b4 16. Na4 Na5 17. Nb6 Nc4 18. Nxc4 Qxc4 19. e5 dxe5 20. fxe5 Nd5 21. Na5
Qb5 22. Bxd5 Qxd5 23. Qxd5 exd5 24. Rxd5 Bf5 25. Rd2 Rh4 26. Rf1 Re4 27. Bf4
Bh3 28. Rdf2 Bc5 29. b3 Bxf1 30. Rxf1 Rd8 31. Nc4 Rxf4 32. Rxf4 Rd1+ 33. Kb2
Bd4+ 34. c3 Bxc3+ 35. Kc2 Rh1 36. Rf2 Ra1 37. Kd3 Ke7 38. a3 Be1 39. Rf1 bxa3
40. Nxa3 Rxa3 41. Rxe1 Rxb3+ 42. Ke4 Rb4+ 43. Kf5 a5 44. Rc1 Rb7 45. Rc6 Ra7
46. e6 a4 47. exf7 Kxf7 48. Rc2 a3 49. Ra2 Ra4 50. Kg5 g6 51. Rf2+ Kg7 52. Ra2
Kh7 53. Kf6 Kh6 54. Ke5 Kg5 55. Ke6 Ra5 56. Kd6 Kf4 57. Kc6 g5 58. Kb6 Ra8 59.
Kc5 Ke4 60. Kc4 Ra7 61. Kc3 Ke3 62. Kc4 g4 63. Kc3 Rc7+ 64. Kb4 Rb7+ 65. Kc5
Rb3 66. Kd5 Rc3 67. Rg2 0-1

[Event "Kalev Pugi mem"]
[Site "Toronto CAN"]
[Date "1985.??.??"]
[Round "9"]
[White "Nickoloff, Bryon"]
[Black "Pajak, John"]
[Result "1-0"]
[WhiteElo "2405"]
[BlackElo "2302"]
[PlyCount "95"]
[EventDate "1985.12.26"]
[EventType "tourn"]
[EventRounds "11"]
[EventCountry "CAN"]

1. d4 d5 2. c4 Nc6 3. Nf3 Bg4 4. Qa4 Bxf3 5. exf3 e6 6. Nc3 a6 7. Be3 Be7 8.
Rd1 Nf6 9. c5 O-O 10. f4 Ng4 11. Bc1 Nh6 12. Bd3 Bf6 13. Bb1 g6 14. Ne2 Bg7 15.
h4 f5 16. h5 Kf7 17. Ng1 Rh8 18. Nf3 Bf6 19. Qb3 Rb8 20. Qe3 Ke7 21. Kf1 Qg8
22. Re1 Re8 23. Qb3 Kd7 24. Qxb7 a5 25. Bc2 Rb8 26. Qa6 Ra8 27. Qb5 Rb8 28. Qd3
Nb4 29. Ba4+ Ke7 30. Qb3 Qc8 31. Qe3 Qa6+ 32. Kg1 Ng4 33. Qc3 Nd3 34. Rf1 Qc4
35. Bb3 Qa6 36. Ne5 Nxc1 37. Qxc1 a4 38. Bd1 g5 39. Bxg4 fxg4 40. fxg5 Bxe5 41.
dxe5 Qe2 42. g6 h6 43. Qf4 Rhf8 44. Qxh6 Qxe5 45. Qh7+ Kf6 46. g7 Rg8 47. Qg6+
Ke7 48. h6 1-0

[Event "Kalev Pugi mem"]
[Site "Toronto CAN"]
[Date "1985.12.??"]
[Round "11"]
[White "Nickoloff, Bryon"]
[Black "Day, Lawrence"]
[Result "1/2-1/2"]
[WhiteElo "2405"]
[BlackElo "2380"]
[PlyCount "21"]
[EventDate "1985.12.26"]
[EventType "tourn"]
[EventRounds "11"]
[EventCountry "CAN"]

1. d4 Nf6 2. c4 d6 3. Nf3 Nbd7 4. Bf4 c5 5. e3 Nh5 6. Bg5 h6 7. Bh4 g5 8. Nfd2
Ndf6 9. Be2 cxd4 10. exd4 Nf4 11. Bg3 1/2-1/2

[Event "SouthWest op"]
[Site "Guelph CAN"]
[Date "1985.09.22"]
[Round "4"]
[White "Nickoloff, Bryon"]
[Black "Pacey, Kevin"]
[Result "1-0"]
[WhiteElo "2371"]
[BlackElo "2226"]
[PlyCount "35"]
[EventDate "1985.09.21"]
[EventType "swiss"]
[EventRounds "5"]
[EventCountry "CAN"]

1. d4 Nf6 2. c4 e6 3. Nf3 b6 4. g3 Ba6 5. b3 Bb4+ 6. Bd2 Be7 7. Nc3 d5 8. cxd5
exd5 9. Bg2 O-O 10. Ne5 c5 11. dxc5 Bxc5 12. Bf4 Bb4 13. Qd4 Qe7 14. O-O Bc5
15. Nxd5 Nxd5 16. Qxd5 g5 17. Be3 Bxe3 18. fxe3 1-0

[Event "Guelph SW op"]
[Site "Guelph CAN"]
[Date "1985.09.22"]
[Round "5"]
[White "Hartman, Brian"]
[Black "Nickoloff, Bryon"]
[Result "1-0"]
[WhiteElo "2405"]
[BlackElo "2412"]
[PlyCount "59"]
[EventDate "1985.09.20"]
[EventType "swiss"]
[EventRounds "5"]
[EventCountry "CAN"]

1. e4 c5 2. Nf3 e6 3. d4 cxd4 4. Nxd4 Nf6 5. Nc3 d6 6. Be2 Be7 7. O-O O-O 8. f4
Nc6 9. Be3 a6 10. a4 Qc7 11. Qe1 Nxd4 12. Bxd4 e5 13. fxe5 dxe5 14. Qg3 Re8 15.
Rad1 Bc5 16. Bxc5 Qxc5+ 17. Kh1 Qc6 18. Qh4 h6 19. Rd3 Nh7 20. Rg3 Ng5 21. Qh5
Be6 22. h4 Nxe4 23. Nxe4 Qxe4 24. Bd3 Qd4 25. c3 Qd7 26. Qxh6 Kf8 27. Qxg7+ Ke7
28. Qxe5 Rh8 29. Rxf7+ Kxf7 30. Qg7+ 1-0

[Event "Toronto int."]
[Site "Toronto CAN"]
[Date "1985.07.28"]
[Round "2"]
[White "Nickoloff, Bryon"]
[Black "Benjamin, Joel"]
[Result "0-1"]
[WhiteElo "2376"]
[BlackElo "2588"]
[PlyCount "60"]
[EventDate "1985.07.27"]
[EventType "swiss"]
[EventRounds "9"]
[EventCountry "CAN"]

1. d4 Nf6 2. c4 e6 3. Nf3 a6 4. Nc3 c5 5. g3 b5 6. cxb5 axb5 7. Nxb5 Qb6 8. Nc3
cxd4 9. Nxd4 Bb7 10. Nf3 Bc5 11. e3 Ne4 12. Nxe4 Bxe4 13. Be2 Bb4+ 14. Kf1 Nc6
15. Rg1 O-O 16. Ng5 Bg6 17. h4 Be7 18. h5 Bxh5 19. Bxh5 Bxg5 20. a3 Bf6 21. Rb1
Rxa3 22. Qxd7 Ra7 23. Qd3 Rd8 24. Qe4 Qb5+ 25. Kg2 Ne5 26. b3 Ra2 27. Bb2 Nd7
28. Bxf7+ Kxf7 29. Bd4 Qd5 30. Qxd5 exd5 0-1

[Event "Toronto int."]
[Site "Toronto CAN"]
[Date "1985.07.30"]
[Round "4"]
[White "Nickoloff, Bryon"]
[Black "Shibut, Macon"]
[Result "1-0"]
[WhiteElo "2376"]
[BlackElo "2325"]
[PlyCount "53"]
[EventDate "1985.07.27"]
[EventType "swiss"]
[EventRounds "9"]
[EventCountry "CAN"]

1. d4 c5 2. d5 Nf6 3. Nc3 Qa5 4. Bd2 b5 5. e4 b4 6. e5 bxc3 7. Bxc3 Qa4 8. exf6
Qe4+ 9. Ne2 gxf6 10. f3 Qa4 11. b3 Qh4+ 12. g3 Qg5 13. Nf4 d6 14. Rg1 Rg8 15.
h4 Qh6 16. Kf2 Nd7 17. Bb5 Rb8 18. Qe2 Kd8 19. b4 cxb4 20. Bxb4 f5 21. Bxd7
Kxd7 22. Qc4 Rb6 23. Ba5 Ba6 24. Qa4+ Bb5 25. Qb4 Rb7 26. c4 Bg7 27. Rad1 1-0

[Event "New York op"]
[Site "New York USA"]
[Date "1985.??.??"]
[Round "3"]
[White "Nickoloff, Bryon"]
[Black "Gheorghiu, Florin"]
[Result "0-1"]
[WhiteElo "2415"]
[BlackElo "2530"]
[PlyCount "44"]
[EventDate "1985.04.04"]
[EventType "swiss"]
[EventRounds "8"]
[EventCountry "CAN"]

1. d4 Nf6 2. c4 c5 3. d5 d6 4. Nc3 g6 5. e4 Bg7 6. Be2 O-O 7. Nf3 e6 8. O-O Re8
9. Nd2 Na6 10. f3 Nc7 11. a4 Rb8 12. Kh1 b6 13. dxe6 Nxe6 14. Nb3 Nh5 15. f4
Nf6 16. Bf3 Nd4 17. Nxd4 cxd4 18. Nb5 Nxe4 19. Nxd4 Bb7 20. Ra3 Rc8 21. Be2 d5
22. cxd5 Qxd5 0-1

[Event "Toronto Closed"]
[Site "Toronto CAN"]
[Date "1985.03.03"]
[Round "4"]
[White "Nickoloff, Bryon"]
[Black "Pacey, Kevin"]
[Result "1-0"]
[WhiteElo "2413"]
[BlackElo "2204"]
[PlyCount "57"]
[EventDate "1985.01.15"]
[EventType "tourn"]
[EventRounds "11"]
[EventCountry "CAN"]

1. d4 c5 2. d5 e5 3. e4 d6 4. Nc3 a6 5. a4 Be7 6. Be2 Bg5 7. Bxg5 Qxg5 8. Nf3
Qe7 9. Nd2 Nh6 10. Nc4 Nd7 11. Rb1 O-O 12. b4 cxb4 13. Rxb4 g6 14. Qc1 Kg7 15.
Qa3 Rd8 16. O-O Nc5 17. Rb6 Qc7 18. f4 f6 19. fxe5 fxe5 20. a5 Bg4 21. Bd3 Rf8
22. Nxd6 Rxf1+ 23. Bxf1 Rd8 24. Na4 Nd7 25. Rxb7 Qxa5 26. Nc4 Qe1 27. Qe3 Qa1
28. Nc3 Be2 29. Rb1 1-0

[Event "Toronto Closed"]
[Site "Toronto CAN"]
[Date "1985.03.17"]
[Round "6"]
[White "Nickoloff, Bryon"]
[Black "Southam, Todd"]
[Result "0-1"]
[WhiteElo "2413"]
[BlackElo "2183"]
[PlyCount "50"]
[EventDate "1985.01.15"]
[EventType "tourn"]
[EventRounds "11"]
[EventCountry "CAN"]

1. d4 d5 2. c4 e6 3. Nc3 c5 4. Nf3 Nc6 5. e3 Nf6 6. cxd5 exd5 7. Be2 Be7 8. O-O
O-O 9. dxc5 Bxc5 10. Qd3 a6 11. Rd1 Be6 12. b3 Qe7 13. Bb2 Rad8 14. Na4 Ba7 15.
Nd4 Ne4 16. Rdc1 Bb8 17. f4 Ba7 18. Rxc6 bxc6 19. Nxc6 Qc7 20. Nxd8 Qxf4 21.
Bd4 Qf2+ 22. Kh1 Qh4 23. Kg1 Qf2+ 24. Kh1 Qh4 25. Kg1 Bb8 0-1

[Event "Toronto int."]
[Site "Toronto CAN"]
[Date "1984.07.23"]
[Round "4"]
[White "Nickoloff, Bryon"]
[Black "Wilder, Michael"]
[Result "1/2-1/2"]
[WhiteElo "2420"]
[BlackElo "2535"]
[PlyCount "56"]
[EventDate "1984.07.21"]
[EventType "swiss"]
[EventRounds "10"]
[EventCountry "CAN"]

1. d4 Nf6 2. c4 g6 3. Nc3 Bg7 4. e4 d6 5. Be2 O-O 6. Nf3 e5 7. Be3 Nbd7 8. O-O
Ng4 9. Bg5 f6 10. Bd2 Nh6 11. Qc2 c6 12. Rad1 Qe7 13. d5 c5 14. Nb5 Nb8 15. b4
Na6 16. a3 f5 17. Ng5 f4 18. Ne6 Bxe6 19. dxe6 Qxe6 20. Bc3 Nf7 21. bxc5 dxc5
22. Rd5 Qe7 23. Rfd1 Rad8 24. Nxa7 Nc7 25. Ba5 Nxd5 26. Bxd8 Qxd8 27. cxd5 f3
28. Bc4 Nd6 1/2-1/2

[Event "Toronto int."]
[Site "Toronto CAN"]
[Date "1984.07.24"]
[Round "5"]
[White "Bailey, Doug"]
[Black "Nickoloff, Bryon"]
[Result "0-1"]
[WhiteElo "2303"]
[BlackElo "2420"]
[PlyCount "68"]
[EventDate "1984.07.21"]
[EventType "swiss"]
[EventRounds "10"]
[EventCountry "CAN"]

1. e4 c5 2. Nf3 e6 3. d4 cxd4 4. Nxd4 Nf6 5. Nc3 d6 6. g4 h6 7. g5 hxg5 8. Bxg5
Nc6 9. Qd2 Qb6 10. O-O-O Qxd4 11. Qxd4 Nxd4 12. Rxd4 a6 13. h4 Bd7 14. Bg2 Be7
15. Re1 Rd8 16. a4 Ng4 17. f3 Ne5 18. Rh1 Ng6 19. Ne2 Nxh4 20. Bxh4 Rxh4 21.
Rxh4 Bxh4 22. e5 Bf2 23. Rxd6 Be3+ 24. Kd1 Bxa4 25. f4 Rxd6+ 26. exd6 Bc6 27.
Bxc6+ bxc6 28. c4 Kd7 29. Kc2 Kxd6 30. Kd3 Bf2 31. Nc3 f5 32. b4 Be1 33. b5
axb5 34. cxb5 Bxc3 0-1

[Event "Toronto int."]
[Site "Toronto CAN"]
[Date "1984.07.25"]
[Round "6"]
[White "Nickoloff, Bryon"]
[Black "Spraggett, Kevin"]
[Result "1/2-1/2"]
[WhiteElo "2420"]
[BlackElo "2597"]
[PlyCount "85"]
[EventDate "1984.07.21"]
[EventType "swiss"]
[EventRounds "10"]
[EventCountry "CAN"]

1. e4 c5 2. Nf3 e6 3. d4 cxd4 4. Nxd4 Nf6 5. Nc3 d6 6. f4 Nc6 7. Be2 Be7 8. O-O
O-O 9. Be3 a6 10. Qe1 Qc7 11. Qg3 Kh8 12. Kh1 Bd7 13. Rad1 Rac8 14. e5 dxe5 15.
fxe5 Ng8 16. Bf4 Nxd4 17. Rxd4 Bc6 18. Bd3 Rcd8 19. Rxd8 Qxd8 20. Qh3 h6 21.
Qe3 Qa5 22. a3 Qc5 23. Qxc5 Bxc5 24. Ne4 Be7 25. Be3 f6 26. exf6 Nxf6 27. Nxf6
Bxf6 28. Bd4 Kg8 29. Bc4 Kf7 30. Bb6 Rc8 31. Bb3 Bd5 32. Bxd5 exd5 33. c3 Re8
34. Kg1 Re2 35. Rf2 Re1+ 36. Rf1 Rxf1+ 37. Kxf1 Bg5 38. b3 Be7 39. a4 Bd6 40.
h3 Be5 41. c4 dxc4 42. bxc4 Ke6 43. Ke2 1/2-1/2

[Event "Toronto int."]
[Site "Toronto CAN"]
[Date "1984.07.27"]
[Round "8"]
[White "Ivanovic, Bozidar"]
[Black "Nickoloff, Bryon"]
[Result "1-0"]
[WhiteElo "2455"]
[BlackElo "2420"]
[PlyCount "45"]
[EventDate "1984.07.21"]
[EventType "swiss"]
[EventRounds "10"]
[EventCountry "CAN"]

1. e4 c5 2. Nf3 e6 3. d4 cxd4 4. Nxd4 Nf6 5. Nc3 Nc6 6. Nxc6 bxc6 7. e5 Nd5 8.
Ne4 Qc7 9. f4 Qb6 10. c4 Bb4+ 11. Ke2 f5 12. exf6 Nxf6 13. Be3 Qa5 14. Nxf6+
gxf6 15. Kf2 O-O 16. Bd3 d5 17. cxd5 cxd5 18. Rc1 Rf7 19. Qg4+ Kh8 20. Qh5 Re7
21. Qh6 e5 22. Qxf6+ Kg8 23. a3 1-0

[Event "Toronto int."]
[Site "Toronto CAN"]
[Date "1984.07.29"]
[Round "10"]
[White "Findlay, Ian"]
[Black "Nickoloff, Bryon"]
[Result "0-1"]
[WhiteElo "2347"]
[BlackElo "2420"]
[PlyCount "86"]
[EventDate "1984.07.21"]
[EventType "swiss"]
[EventRounds "10"]
[EventCountry "CAN"]

1. e4 e5 2. Nf3 Nc6 3. Bb5 a6 4. Ba4 Nf6 5. O-O b5 6. Bb3 Bb7 7. Re1 Bc5 8. c3
d6 9. d4 Bb6 10. Bg5 h6 11. Bh4 O-O 12. Qd3 Qe7 13. Nbd2 Na5 14. Bc2 c5 15. d5
c4 16. Qe2 Bd8 17. Nf1 Qc7 18. Ne3 Bc8 19. Nd2 Nb7 20. Ndf1 Nc5 21. Qf3 g5 22.
Bg3 g4 23. Qe2 Nfxe4 24. Nxg4 f5 25. Nxh6+ Kg7 26. Bxe4 Nxe4 27. Qh5 Rf6 28.
Ng4 Nxg3 29. Nxf6 Nxh5 30. Ne8+ Kg6 31. Nxc7 Bxc7 32. b3 cxb3 33. axb3 Nf4 34.
Ne3 Bb6 35. c4 Nd3 36. Re2 b4 37. Nc2 a5 38. g3 Ra7 39. Kg2 Rh7 40. f3 f4 41.
g4 Bxg4 42. fxg4 f3+ 43. Kxf3 Rh3+ 0-1

[Event "Canada Day op"]
[Site "Toronto CAN"]
[Date "1984.07.01"]
[Round "5"]
[White "Nickoloff, Bryon"]
[Black "Pacey, Kevin"]
[Result "1-0"]
[WhiteElo "2321"]
[BlackElo "2157"]
[PlyCount "33"]
[EventDate "1984.06.29"]
[EventType "swiss"]
[EventRounds "5"]
[EventCountry "CAN"]

1. c4 Nf6 2. d4 e6 3. Nf3 b6 4. g3 Bb7 5. Bg2 Bb4+ 6. Bd2 Be7 7. Nc3 d5 8. Ne5
c6 9. cxd5 cxd5 10. Qa4+ Nfd7 11. e4 O-O 12. exd5 Nxe5 13. dxe5 Nd7 14. O-O
exd5 15. Nxd5 Nxe5 16. Nxe7+ Qxe7 17. Bb4 1-0

[Event "Toronto Closed"]
[Site "Toronto CAN"]
[Date "1984.01.31"]
[Round "1"]
[White "Nickoloff, Bryon"]
[Black "Polacek, Jozef"]
[Result "1/2-1/2"]
[WhiteElo "2420"]
[BlackElo "2300"]
[PlyCount "83"]
[EventDate "1984.01.29"]
[EventType "tourn"]
[EventRounds "11"]
[EventCountry "CAN"]

1. d4 Nf6 2. c4 e6 3. Nf3 Bb4+ 4. Bd2 Qe7 5. g3 O-O 6. Bg2 d5 7. O-O Bxd2 8.
Nbxd2 Nc6 9. Rc1 Rd8 10. Qb3 Ne4 11. Qe3 Nxd2 12. Qxd2 dxc4 13. Rfd1 e5 14. d5
Bg4 15. Qe3 Bxf3 16. Bxf3 Nb4 17. a3 Na6 18. Rxc4 c5 19. d6 Rxd6 20. Rxd6 Qxd6
21. Bxb7 Rd8 22. Rc1 Qb6 23. Bxa6 Qxa6 24. Qxe5 c4 25. Qe7 Rb8 26. Qc7 Rc8 27.
Rd1 h6 28. Rd6 Rxc7 29. Rxa6 Rb7 30. Rc6 Rxb2 31. Rxc4 Rxe2 32. Rc8+ Kh7 33.
Rc7 a6 34. Rxf7 Ra2 35. Rf3 g5 36. g4 a5 37. Kg2 a4 38. Rc3 Kg7 39. Kf3 Kf6 40.
Rc6+ Kg7 41. Ke3 Rxa3+ 42. Kd4 1/2-1/2